000
00329nam a2200145Ia 4500
008
100204s9999 xx 000 0 und d
082
_b
21071
100
_a
ASSAEL MICHAEL
245
_a
MONEY SMART
260
_b
PPLAYBOY PAPERBACK
_c
1982
300
_a
285
630
_a
MONEY SMART
730
_a
MONEY SMART
942
_c
BOOK
999
_c
465895
_d
465892